|
|
|
|
| LEADER |
00964nam a2200241 a 4500 |
| 001 |
000607719 |
| 003 |
CZ BrMZK |
| 005 |
20080303115806.0 |
| 008 |
020624s1972 xr f cze d |
| 015 |
|
|
|a cnb001270472
|
| 040 |
|
|
|a BOA001
|b cze
|c BOA001
|
| 245 |
0 |
0 |
|a Studijní obor 06-2-06 Technologie keramiky :
|b pro pětileté studium při zaměstnání a tříleté studium absolventů středních škol při zaměstnání
|
| 250 |
|
|
|a 1. vyd.
|
| 260 |
|
|
|a Praha :
|b Státní pedagogické nakladatelství,
|c 1972
|
| 300 |
|
|
|a 30 s.
|
| 490 |
1 |
|
|a Pedagogické dokumenty
|
| 500 |
|
|
|a Rozmnoženo
|
| 710 |
1 |
|
|a Česko (Československo).
|b Ministerstvo školství, mládeže a tělovýchovy
|7 ko2003181190
|
| 830 |
|
0 |
|a Pedagogické dokumenty
|
| 910 |
|
|
|a BOA001
|b PK-N-0015.145
|
| 964 |
|
|
|a Keramika -technologie - osnovy - školy odborné střední
|
| 990 |
|
|
|a BK
|
| 996 |
7 |
|
|b 3119638352
|c PK-N-0015.145
|l MZK
|r Sklad / do 1 hodiny
|n 1
|w 000607719
|u 000010
|a 1
|e BOA001
|j MZK50
|s A
|